Everything Is Relative Quiz Stats

 Plays Quiz not verified by Sporcle

Challenge
Share
Tweet
Embed
Score 0/26 Timer 06:00
0 Plays Today
Relationship Relative % Correct
The sibling of one's parentAunt/Uncle
65.5%
The sibling of one's grandparentGreat (or grand-) aunt/uncle
65.5%
The child of one's childGrandson/-daughter
64.4%
The grandparent of one's grandparentGreat great grandfather/-mother
63.2%
The parent of one's parentGrandfather/-mother
62.1%
The child of one's siblingNiece/Nephew
62.1%
The grandparent of one's parentGreat grandfather/-mother
60.9%
The sibling of one's great grandparentGreat great (or great grand-) aunt/uncle
59.8%
The child of one's parent and a non-relativeHalf brother/sister
57.5%
The grandchild of one's childGreat grandson/-daughter
55.2%
The grandchild of one's siblingGrandniece/-nephew
54%
The grandchild of one's grandchildGreat great grandson/-daughter
54%
The child of one's half siblingHalf niece/nephew
50.6%
Relationship Relative % Correct
The child of one's grandparent and a non-relativeHalf aunt/uncle
42.5%
The child of the sibling of one's parentFirst cousin
36.8%
The great grandchild of one's siblingGreat grandniece/-nephew
36.8%
The grandchild of the sibling of one's grandparentSecond cousin
26.4%
The child of the sibling of one's grandparentFirst cousin (-)once removed
25.3%
The grandchild of the sibling of one's parentFirst cousin (+)once removed
21.8%
The great grandchild of the sibling of one's parentFirst cousin (+)twice removed
17.2%
The great grandchild of the sibling of one's great grandparentThird cousin
17.2%
The child of the half sibling of one's parentHalf first cousin
16.1%
The great grandchild of the sibling of one's grandparentSecond cousin (+)once removed
16.1%
The child of the sibling of one's great grandparentFirst cousin (-)twice removed
13.8%
The grandchild of the sibling of one's great grandparentSecond cousin (-)once removed
11.5%
The child of the brother of one's parent and the sister of one's other parentDouble first cousin
10.3%

You're not logged in!

Compare scores with friends on all Sporcle quizzes.
OR
Log In

You Might Also Like...

Show Comments

Extras

Top Quizzes Today


Score Distribution

Your Account Isn't Verified!

In order to create a playlist on Sporcle, you need to verify the email address you used during registration. Go to your Sporcle Settings to finish the process.

Report this User

Report this user for behavior that violates our Community Guidelines.

Details: